[Event "EU-ch rapid (Women)"]
[Site "Monte Carlo"]
[Date "2019.12.01"]
[Round "10"]
[White "Chiburdanidze, Maia"]
[Black "Batsiashvili, Nino"]
[Result "1/2-1/2"]
[WhiteElo "2500"]
[BlackElo "2422"]
[PlyCount "66"]
[EventDate "2019.11.30"]
[EventType "swiss (rapid)"]
[EventRounds "11"]
[EventCountry "MNC"]
[SourceTitle "CBM 193 Extra"]
[Source "ChessBase"]
[SourceDate "2020.01.31"]
[SourceVersion "1"]
[SourceVersionDate "2020.01.31"]
[SourceQuality "1"]

1. d4 Nf6 2. Nf3 d5 3. c4 e6 4. e3 g6 5. Bd3 Bg7 6. 0-0 0-0 7. Nc3 Nbd7 8. b3 c5 9. cxd5 exd5 10. Bb2 b6 11. Rc1 Bb7 12. Na4 Rc8 13. Ba3 Ne4 14. dxc5 Ndxc5 15. Nxc5 bxc5 16. Bxe4 dxe4 17. Nd2 Qd3 18. Nc4 Rfd8 19. Qxd3 exd3 20. Rfd1 Ba6 21. Rd2 Rd5 22. Bb2 Bxc4 23. bxc4 Rd6 24. Bxg7 Kxg7 25. Rb1 Rcd8 26. f3 Ra6 27. Rb5 Rc8 28. Rb3 Ra4 29. Rdxd3 Rxc4 30. Rd7 Rc1+ 31. Kf2 Rc2+ 32. Kg3 Rxa2 33. Rbb7 Rf8 1/2-1/2

[Event "EU-ch rapid (Women)"]
[Site "Monte Carlo"]
[Date "2019.12.01"]
[Round "7"]
[White "Osmak, Iulija"]
[Black "Chiburdanidze, Maia"]
[Result "1-0"]
[WhiteElo "2401"]
[BlackElo "2500"]
[PlyCount "125"]
[EventDate "2019.11.30"]
[EventType "swiss (rapid)"]
[EventRounds "11"]
[EventCountry "MNC"]
[SourceTitle "CBM 193 Extra"]
[Source "ChessBase"]
[SourceDate "2020.01.31"]
[SourceVersion "1"]
[SourceVersionDate "2020.01.31"]
[SourceQuality "1"]

1. d4 e6 2. e4 d5 3. e5 c5 4. c3 Nc6 5. Nf3 Nge7 6. Bd3 cxd4 7. cxd4 Nf5 8. Bxf5 exf5 9. 0-0 h6 10. Ne1 Be6 11. Nc3 Be7 12. Be3 Rc8 13. Nd3 Na5 14. Rc1 g5 15. f4 Nc4 16. Bf2 b6 17. b3 Na3 18. Qe2 g4 19. Nb2 0-0 20. Nbd1 Qd7 21. Ne3 Bb4 22. Qd3 Rc6 23. Ne2 Rfc8 24. Bh4 Rxc1 25. Rxc1 Rxc1+ 26. Nxc1 Qb5 27. Nxf5 Qxd3 28. Nxd3 Bxf5 29. Nxb4 Be4 30. Nc6 Kh7 31. Be7 Nc2 32. Kf2 a6 33. Bd8 b5 34. Be7 h5 35. Bc5 Kh6 36. a4 bxa4 37. bxa4 Na1 38. a5 Nb3 39. Bb6 Bd3 40. Ke3 Bc4 41. f5 Kg5 42. Ne7 Nc1 43. Bd8 Kh6 44. Nc6 Kg7 45. e6 fxe6 46. fxe6 Nd3 47. Bg5 Bb5 48. Ne7 Nb4 49. Kd2 Kf8 50. Nf5 Ba4 51. e7+ Kf7 52. Nd6+ Kg6 53. Bh4 Bd7 54. e8Q+ Bxe8 55. Nxe8 Nc6 56. Kc3 Nxa5 57. Nc7 Nc4 58. Nxd5 Nd6 59. Kd3 a5 60. Nc3 Kf5 61. Bd8 a4 62. Nxa4 Ne4 63. Bh4 1-0

[Event "EU-ch rapid (Women)"]
[Site "Monte Carlo"]
[Date "2019.11.30"]
[Round "4"]
[White "Leconte, Maria"]
[Black "Chiburdanidze, Maia"]
[Result "1/2-1/2"]
[WhiteElo "2255"]
[BlackElo "2500"]
[PlyCount "93"]
[EventDate "2019.11.30"]
[EventType "swiss (rapid)"]
[EventRounds "11"]
[EventCountry "MNC"]
[SourceTitle "CBM 193 Extra"]
[Source "ChessBase"]
[SourceDate "2020.01.31"]
[SourceVersion "1"]
[SourceVersionDate "2020.01.31"]
[SourceQuality "1"]

1. e4 e6 2. d4 d5 3. Nc3 dxe4 4. Nxe4 Nd7 5. Nf3 Ngf6 6. Nxf6+ Nxf6 7. Bd3 c5 8. 0-0 a6 9. Re1 cxd4 10. Nxd4 Bc5 11. Be3 Qc7 12. Nf5 0-0 13. Bxc5 Qxc5 14. Ne3 e5 15. Qf3 Re8 16. Qg3 e4 17. Be2 Be6 18. Rad1 Qb4 19. b3 Qa3 20. Bc4 Bxc4 21. Nxc4 Qc5 22. Rd6 b5 23. Rxf6 bxc4 24. Rf4 cxb3 25. Qxb3 Qh5 26. h3 Rac8 27. Rfxe4 Red8 28. c4 h6 29. Qb6 a5 30. Re5 Qh4 31. c5 Qd4 32. R5e4 Qc3 33. R4e3 Qxc5 34. Re8+ Rxe8 35. Rxe8+ Kh7 36. Qxc5 Rxc5 37. Ra8 Rc1+ 38. Kh2 Rc2 39. Rxa5 Rxf2 40. Kg3 Rb2 41. Ra6 f6 42. Ra7 Kg6 43. h4 h5 44. Ra4 Kh6 45. Kh3 g5 46. hxg5+ Kxg5 47. Kg3 1/2-1/2

[Event "EU-ch blitz (Women)"]
[Site "Monte Carlo"]
[Date "2019.11.29"]
[Round "8"]
[White "Zhukova, Natalia"]
[Black "Chiburdanidze, Maia"]
[Result "1-0"]
[WhiteElo "2323"]
[BlackElo "2500"]
[PlyCount "45"]
[EventDate "2019.11.29"]
[EventType "swiss (blitz)"]
[EventRounds "13"]
[EventCountry "MNC"]
[SourceTitle "CBM 193 Extra"]
[Source "ChessBase"]
[SourceDate "2020.01.31"]
[SourceVersion "1"]
[SourceVersionDate "2020.01.31"]
[SourceQuality "1"]

1. c4 e6 2. Nc3 d5 3. d4 f5 4. Bf4 c6 5. e3 Nf6 6. Nf3 Be7 7. Bd3 0-0 8. Qc2 Ne4 9. g4 Na6 10. a3 g5 11. Be5 dxc4 12. Bxe4 fxe4 13. Qxe4 Qe8 14. h4 gxh4 15. Nxh4 Qf7 16. 0-0-0 b5 17. f4 b4 18. Nb1 c3 19. a4 cxb2+ 20. Kxb2 c5 21. g5 c4 22. g6 c3+ 23. Kb3 1-0

[Event "Wch Blitz final (Women)"]
[Site "Batumi"]
[Date "2012.06.05"]
[Round "15"]
[White "Chiburdanidze, Maia"]
[Black "Koneru, Humpy"]
[Result "1-0"]
[WhiteElo "2500"]
[BlackElo "2589"]
[PlyCount "101"]
[EventDate "2012.04.06"]
[EventType "swiss (blitz)"]
[EventRounds "15"]
[EventCountry "GEO"]
[SourceTitle "EXT 2013"]
[Source "ChessBase"]
[SourceDate "2012.11.22"]
[SourceVersion "1"]
[SourceVersionDate "2012.11.22"]
[SourceQuality "1"]

1. d4 g6 2. e4 Bg7 3. Nf3 d6 4. Bd3 Nd7 5. c4 e5 6. d5 a5 7. Nc3 Ngf6 8. h3 Nh5 9. g3 Nc5 10. Bc2 0-0 11. Be3 b6 12. Qd2 f5 13. exf5 gxf5 14. Bg5 Qe8 15. Nh4 e4 16. 0-0-0 a4 17. a3 Nb3+ 18. Bxb3 axb3 19. Rde1 Nf6 20. Bh6 Qh5 21. Bxg7 Kxg7 22. Ng2 Bd7 23. Nf4 Qe8 24. f3 Qe5 25. Re3 Rfe8 26. Rhe1 c6 27. Nd3 Qd4 28. Nb4 Qxc4 29. dxc6 Bxc6 30. Nxc6 Qxc6 31. fxe4 fxe4 32. Qd4 Qc5 33. Rd1 Qxd4 34. Rxd4 Re6 35. Kd2 Rae8 36. Ne2 d5 37. Rxb3 e3+ 38. Ke1 h5 39. Nf4 Rc6 40. Rc3 Rxc3 41. bxc3 Rc8 42. Rd3 Ne4 43. Nxd5 Rc5 44. Nxe3 Nxg3 45. c4 Ne4 46. Rd5 Rxd5 47. Nxd5 Nd6 48. Nxb6 Kf6 49. a4 Ke5 50. a5 Kd4 51. a6 1-0

[Event "Wch Blitz final (Women)"]
[Site "Batumi"]
[Date "2012.06.05"]
[Round "13"]
[White "Cori Tello, Deysi Estella"]
[Black "Chiburdanidze, Maia"]
[Result "0-1"]
[WhiteElo "2386"]
[BlackElo "2500"]
[PlyCount "96"]
[EventDate "2012.04.06"]
[EventType "swiss (blitz)"]
[EventRounds "15"]
[EventCountry "GEO"]
[SourceTitle "EXT 2013"]
[Source "ChessBase"]
[SourceDate "2012.11.22"]
[SourceVersion "1"]
[SourceVersionDate "2012.11.22"]
[SourceQuality "1"]

1. d4 Nf6 2. Nf3 e6 3. e3 b6 4. Bd3 Bb7 5. c4 c5 6. Nc3 cxd4 7. exd4 Bb4 8. 0-0 0-0 9. Bg5 h6 10. Bh4 Bxc3 11. bxc3 d6 12. Nd2 Nbd7 13. Ne4 Bxe4 14. Bxe4 Rc8 15. Bd3 Qc7 16. Rc1 Qc6 17. Re1 Rfe8 18. Re3 d5 19. cxd5 Nxd5 20. Rg3 f5 21. Qh5 Qd6 22. Ba6 Qf4 23. Re1 N7f6 24. Qg6 Rc7 25. Bxf6 Nxf6 26. Bc4 Kf8 27. Bxe6 Rxe6 28. Rf1 Ne4 29. Qxe6 Re7 30. Qc8+ Re8 31. Qd7 Re7 32. Qd5 Nxg3 33. fxg3 Qe3+ 34. Kh1 g6 35. c4 Qe1 36. Rg1 Qf2 37. Qd6 Kf7 38. h3 Qxa2 39. c5 bxc5 40. dxc5 Qe6 41. Qd2 Qe5 42. Qxh6 Qxc5 43. Qh7+ Kf6 44. Qh8+ Kf7 45. Qh7+ Kf6 46. Qh8+ Kf7 47. Qh7+ Kf6 48. Rd1 Rxh7 0-1

[Event "Wch Rapid (Women)"]
[Site "Batumi"]
[Date "2012.06.02"]
[Round "9"]
[White "Chiburdanidze, Maia"]
[Black "Batsiashvili, Nino"]
[Result "0-1"]
[WhiteElo "2500"]
[BlackElo "2436"]
[PlyCount "110"]
[EventDate "2012.05.31"]
[EventType "swiss (rapid)"]
[EventRounds "11"]
[EventCountry "GEO"]
[SourceTitle "CBM 148 Extra"]
[Source "ChessBase"]
[SourceDate "2012.06.22"]
[SourceVersion "1"]
[SourceVersionDate "2012.06.22"]
[SourceQuality "1"]

1. d4 g6 2. Nf3 f5 3. c4 Nf6 4. Nc3 Bg7 5. Bf4 0-0 6. e3 d6 7. h3 e6 8. Be2 Qe7 9. Bh2 c6 10. Qb3 Re8 11. 0-0 Nbd7 12. Rfd1 h6 13. Qa3 Bf8 14. Rac1 Kh7 15. Bd3 e5 16. dxe5 dxe5 17. Qxe7+ Rxe7 18. Bc2 e4 19. Nd4 Ne5 20. c5 Bd7 21. b4 Be8 22. b5 Nfd7 23. bxc6 bxc6 24. g4 fxg4 25. Nxe4 gxh3 26. f4 Ng4 27. Nxc6 Rxe4 28. Bxe4 Nxc5 29. Bf3 Nxe3 30. Re1 Nd3 31. Ne5 Nxe1 32. Rc7+ Bg7 33. Bxa8 a6 34. Be4 Nf5 35. Kf2 Ng2 36. Bd5 Nge3 37. Bf7 Bxf7 38. Rxf7 h5 39. Kf3 Nf1 40. Bg1 h2 41. Bxh2 Nxh2+ 42. Kg2 Ng4 43. Nxg4 hxg4 44. Ra7 g3 45. Rxa6 Bd4 46. Kh3 Bf2 47. Rc6 Ne3 48. Rc1 g2 49. Kh2 g1Q+ 50. Rxg1 Bxg1+ 51. Kxg1 Nd5 52. a4 Nxf4 53. a5 Nd5 54. a6 g5 55. a7 Nb6 0-1

[Event "Wch Rapid (Women)"]
[Site "Batumi"]
[Date "2012.06.01"]
[Round "6"]
[White "Kovalevskaya, Ekaterina"]
[Black "Chiburdanidze, Maia"]
[Result "0-1"]
[WhiteElo "2417"]
[BlackElo "2500"]
[PlyCount "116"]
[EventDate "2012.05.31"]
[EventType "swiss (rapid)"]
[EventRounds "11"]
[EventCountry "GEO"]
[SourceTitle "CBM 148 Extra"]
[Source "ChessBase"]
[SourceDate "2012.06.22"]
[SourceVersion "1"]
[SourceVersionDate "2012.06.22"]
[SourceQuality "1"]

1. c4 e6 2. Nf3 Nf6 3. g3 a6 4. Bg2 b5 5. cxb5 axb5 6. Nd4 Ra5 7. 0-0 c5 8. b4 cxb4 9. e4 Bb7 10. Re1 d5 11. e5 Nfd7 12. Nb3 Ra4 13. d4 Nc6 14. f4 g6 15. N1d2 Nb6 16. Nf3 Nc4 17. g4 h5 18. h3 hxg4 19. hxg4 N6a5 20. f5 gxf5 21. gxf5 Nxb3 22. Bg5 Qa5 23. axb3 Rxa1 24. Qxa1 Qxa1 25. Rxa1 Na3 26. Bf6 Rh5 27. fxe6 fxe6 28. Ng5 Bc8 29. Rc1 Bd7 30. Bf3 Rh6 31. Bg4 Be7 32. Nxe6 Rg6 33. Kf2 Bxf6 34. Nc7+ Kd8 35. Bxd7 Bh4+ 36. Kf3 Kxd7 37. Nxd5 Rg3+ 38. Ke4 Rg4+ 39. Kd3 Bd8 40. Rh1 Rg3+ 41. Ke4 Rg4+ 42. Kd3 Rg3+ 43. Ke4 Nc2 44. Rh7+ Kc8 45. e6 Rg4+ 46. Kd3 Nxd4 47. e7 Bxe7 48. Nxe7+ Kd8 49. Ke3 Nxb3 50. Nc6+ Ke8 51. Ne5 Rg1 52. Ke4 Re1+ 53. Kd5 Rd1+ 54. Kc6 Nd4+ 55. Kc5 b3 56. Rh2 Nc2 57. Rh8+ Ke7 58. Nc6+ Kf7 0-1

[Event "World Cup ACP (Women)"]
[Site "Tbilisi"]
[Date "2012.02.21"]
[Round "9"]
[White "Chiburdanidze, Maia"]
[Black "Zatonskih, Anna"]
[Result "1/2-1/2"]
[WhiteElo "2500"]
[BlackElo "2506"]
[PlyCount "112"]
[EventDate "2012.02.18"]
[EventType "tourn (rapid)"]
[EventRounds "11"]
[EventCountry "GEO"]
[EventCategory "10"]
[SourceTitle "CBM 146 Extra"]
[Source "ChessBase"]
[SourceDate "2012.02.29"]
[SourceVersion "1"]
[SourceVersionDate "2012.02.29"]
[SourceQuality "1"]

1. d4 d5 2. Nf3 Nf6 3. c4 e6 4. e3 c5 5. cxd5 exd5 6. Bb5+ Bd7 7. Bxd7+ Nbxd7 8. dxc5 Nxc5 9. 0-0 Bd6 10. b3 Rc8 11. Bb2 Nce4 12. Qd3 0-0 13. Nc3 Bb4 14. Ne2 Qe7 15. h3 Ba3 16. Bd4 Bc5 17. Nf4 Bxd4 18. Qxd4 Qc5 19. Nd3 Qxd4 20. Nxd4 Rc3 21. Rfd1 a6 22. Nf4 g6 23. Nfe2 Rc7 24. Rac1 Rfc8 25. Rxc7 Rxc7 26. Rc1 Rxc1+ 27. Nxc1 Nc5 28. Kf1 Kf8 29. Ke2 Ke7 30. f3 Ne6 31. Nc2 Nd7 32. Kd3 Kd6 33. Ne2 h5 34. h4 Ne5+ 35. Kc3 f6 36. Ncd4 Nxd4 37. exd4 Nc6 38. Nf4 Ne7 39. g4 hxg4 40. fxg4 g5 41. hxg5 fxg5 42. Nh3 Ng8 43. Nxg5 Nh6 44. Kb4 b6 45. a4 Nxg4 46. a5 Kc6 47. Nf7 Ne3 48. Nd8+ Kd7 49. Nf7 Kc6 50. Ne5+ Kc7 51. axb6+ Kxb6 52. Nd7+ Kc6 53. Nc5 Kb6 54. Na4+ Kc6 55. Nc5 Kb6 56. Nd7+ Kc6 1/2-1/2

[Event "World Cup ACP (Women)"]
[Site "Tbilisi"]
[Date "2012.02.21"]
[Round "10"]
[White "Kosintseva, Nadezhda"]
[Black "Chiburdanidze, Maia"]
[Result "0-1"]
[WhiteElo "2537"]
[BlackElo "2500"]
[PlyCount "204"]
[EventDate "2012.02.18"]
[EventType "tourn (rapid)"]
[EventRounds "11"]
[EventCountry "GEO"]
[EventCategory "10"]
[SourceTitle "CBM 146 Extra"]
[Source "ChessBase"]
[SourceDate "2012.02.29"]
[SourceVersion "1"]
[SourceVersionDate "2012.02.29"]
[SourceQuality "1"]

1. e4 e6 2. d4 d5 3. Nc3 dxe4 4. Nxe4 Nd7 5. Nf3 Ngf6 6. Bd3 Nxe4 7. Bxe4 c5 8. 0-0 Qc7 9. c3 Bd6 10. Bc2 0-0 11. Qd3 Nf6 12. dxc5 Bxc5 13. Bg5 Rd8 14. Qe2 Bd7 15. Ne5 Bb5 16. c4 Be8 17. Rfe1 Bd4 18. Nf3 Bc5 19. Bxf6 gxf6 20. Qe4 f5 21. Qh4 Bf8 22. Rad1 Bg7 23. b3 h6 24. Nd4 Qc5 25. Ne2 Rxd1 26. Rxd1 Qe5 27. Nf4 Qf6 28. Qg3 Rd8 29. Rxd8 Qxd8 30. h3 Qg5 31. Qe3 Bc6 32. g3 Qf6 33. Qe1 Qb2 34. Bb1 Bd4 35. Nd3 Qa1 36. Qd1 Be4 37. Kf1 Kg7 38. Ke2 a5 39. f3 Bc6 40. Nf4 Kf8 41. Qc2 Be5 42. Qd3 Ke7 43. Kf2 Qb2+ 44. Bc2 Qxa2 45. Ne2 Qa3 46. Qe3 Qb2 47. Bxf5 exf5 48. f4 Kf6 49. fxe5+ Qxe5 50. Qxh6+ Ke7 51. Qe3 f6 52. Nd4 Be4 53. h4 Kf7 54. h5 Kg7 55. h6+ Kh7 56. Ne2 Qb2 57. Qb6 Kxh6 58. Ke3 a4 59. Nd4 Kg6 60. Qd8 Qc3+ 61. Kf2 Qd2+ 62. Kf1 Qg2+ 63. Ke1 Qxg3+ 64. Kd1 Qd3+ 65. Kc1 Qc3+ 66. Kd1 Bf3+ 67. Nxf3 Qxf3+ 68. Kd2 axb3 69. Qg8+ Kh5 70. Qh7+ Kg5 71. Qg7+ Kf4 72. Qc7+ Kg4 73. Qg7+ Kh3 74. Qxf6 f4 75. Kc1 Kg2 76. Kb2 Kf1 77. Qf7 Qe4 78. Kxb3 f3 79. Qf6 Qb1+ 80. Ka4 Qa2+ 81. Kb4 f2 82. Qf3 Qd2+ 83. Kb5 Ke1 84. Qg3 Kd1 85. Qf3+ Qe2 86. Qb3+ Kd2 87. Qb2+ Kd3 88. Qa3+ Ke4 89. Qe7+ Kf3 90. Qxb7+ Kg3 91. Qc7+ Kg4 92. Qg7+ Kf4 93. Qf6+ Ke4 94. Qg6+ Kd4 95. Qd6+ Ke3 96. Qe5+ Kd3 97. Qd6+ Kc2 98. Qg6+ Kb2 99. Qf6+ Kb1 100. Qf5+ Ka2 101. Kb4 f1Q 102. Qa5+ Kb1 0-1

[Event "World Cup ACP (Women)"]
[Site "Tbilisi"]
[Date "2012.02.20"]
[Round "8"]
[White "Dzagnidze, Nana"]
[Black "Chiburdanidze, Maia"]
[Result "1-0"]
[WhiteElo "2535"]
[BlackElo "2500"]
[PlyCount "63"]
[EventDate "2012.02.18"]
[EventType "tourn (rapid)"]
[EventRounds "11"]
[EventCountry "GEO"]
[EventCategory "10"]
[SourceTitle "CBM 146 Extra"]
[Source "ChessBase"]
[SourceDate "2012.02.29"]
[SourceVersion "1"]
[SourceVersionDate "2012.02.29"]
[SourceQuality "1"]

1. Nf3 e6 2. g3 d5 3. Bg2 Nf6 4. 0-0 Bd6 5. d3 0-0 6. Nbd2 Qe7 7. e4 dxe4 8. dxe4 e5 9. Nc4 Nxe4 10. Re1 f5 11. Nfxe5 Bc5 12. Nd3 Nc6 13. Be3 Bxe3 14. Nxe3 Qf7 15. c3 Be6 16. Qa4 Rae8 17. Nf4 Bc8 18. Rad1 Kh8 19. h4 Ne5 20. Qxa7 c6 21. Qa4 Nc5 22. Qd4 Ncd7 23. b3 Ng6 24. Nc4 Rxe1+ 25. Rxe1 Nxf4 26. Qxf4 Qf6 27. Qd4 Qxd4 28. cxd4 Nf6 29. Nd6 Kg8 30. Re7 f4 31. Nxc8 Rxc8 32. Rxb7 1-0

[Event "World Cup ACP (Women)"]
[Site "Tbilisi"]
[Date "2012.02.19"]
[Round "3"]
[White "Lagno, Kateryna"]
[Black "Chiburdanidze, Maia"]
[Result "1/2-1/2"]
[WhiteElo "2557"]
[BlackElo "2500"]
[PlyCount "64"]
[EventDate "2012.02.18"]
[EventType "tourn (rapid)"]
[EventRounds "11"]
[EventCountry "GEO"]
[EventCategory "10"]
[SourceTitle "CBM 146 Extra"]
[Source "ChessBase"]
[SourceDate "2012.02.29"]
[SourceVersion "1"]
[SourceVersionDate "2012.02.29"]
[SourceQuality "1"]

1. e4 e6 2. d4 d5 3. e5 c5 4. c3 Nc6 5. Nf3 Bd7 6. Be2 Nge7 7. 0-0 Nf5 8. dxc5 Bxc5 9. Bd3 Nh4 10. Nbd2 Ng6 11. Nb3 Bb6 12. Re1 Bc7 13. Bxg6 hxg6 14. Nc5 b6 15. Na6 Qc8 16. Nxc7+ Qxc7 17. Bg5 Bc8 18. c4 dxc4 19. Qa4 Bb7 20. Qxc4 Rc8 21. Rac1 Qb8 22. Qa4 0-0 23. Qh4 Na5 24. b4 Bxf3 25. bxa5 Rxc1 26. Rxc1 Bd5 27. axb6 Rc8 28. Rxc8+ Qxc8 29. bxa7 Qb7 30. Bc1 Qxa7 31. Qd8+ Kh7 32. Qh4+ Kg8 1/2-1/2

[Event "World Cup ACP (Women)"]
[Site "Tbilisi"]
[Date "2012.02.18"]
[Round "2"]
[White "Chiburdanidze, Maia"]
[Black "Cmilyte, Viktorija"]
[Result "1-0"]
[WhiteElo "2500"]
[BlackElo "2503"]
[PlyCount "102"]
[EventDate "2012.02.18"]
[EventType "tourn (rapid)"]
[EventRounds "11"]
[EventCountry "GEO"]
[EventCategory "10"]
[SourceTitle "CBM 146 Extra"]
[Source "ChessBase"]
[SourceDate "2012.02.29"]
[SourceVersion "1"]
[SourceVersionDate "2012.02.29"]
[SourceQuality "1"]

1. d4 Nf6 2. Nf3 e6 3. c4 c5 4. e3 a6 5. Nc3 d5 6. a3 Nc6 7. b3 Bd6 8. Bd3 0-0 9. 0-0 Qe7 10. Bb2 b6 11. Na4 Rb8 12. Qc2 h6 13. dxc5 bxc5 14. cxd5 exd5 15. Bxf6 Qxf6 16. Nxc5 Ne5 17. Nxe5 Qxe5 18. g3 Bxc5 19. Qxc5 Rxb3 20. Bc4 Rc3 21. Qxd5 Qf6 22. Be2 Rd8 23. Qa5 Rc2 24. Rad1 Rxd1 25. Rxd1 Rxe2 26. Qd8+ Qxd8 27. Rxd8+ Kh7 28. Rxc8 Ra2 29. Rc3 h5 30. Rc5 Rxa3 31. Rxh5+ Kg6 32. Rc5 a5 33. Kg2 Ra2 34. h4 f6 35. g4 a4 36. Ra5 Ra1 37. Kg3 Ra2 38. f3 a3 39. h5+ Kh6 40. Kf4 Ra1 41. Ra8 Kh7 42. Kf5 Rf1 43. f4 Ra1 44. h6 gxh6 45. Ra7+ Kg8 46. Kg6 Kf8 47. Kxf6 Ke8 48. e4 a2 49. Kf5 Kd8 50. e5 Ke8 51. e6 Kd8 1-0

[Event "Doha FIDE GP (Women) 6th"]
[Site "Doha"]
[Date "2011.03.04"]
[Round "10"]
[White "Sebag, Marie"]
[Black "Chiburdanidze, Maia"]
[Result "1/2-1/2"]
[WhiteElo "2489"]
[BlackElo "2502"]
[PlyCount "45"]
[EventDate "2011.02.22"]
[EventType "tourn"]
[EventRounds "11"]
[EventCountry "QAT"]
[EventCategory "10"]
[SourceTitle "CBM 141"]
[Source "ChessBase"]
[SourceDate "2011.03.17"]
[SourceVersion "1"]
[SourceVersionDate "2011.03.17"]
[SourceQuality "1"]

1. e4 e6 2. d4 d5 3. Nd2 dxe4 4. Nxe4 Nd7 5. Nf3 Ngf6 6. Bd3 Nxe4 7. Bxe4 Nf6 8. Bg5 Be7 9. Bd3 0-0 10. 0-0 b6 11. Bxf6 Bxf6 12. Be4 Rb8 13. Qd3 g6 14. Rad1 Qd6 15. Rfe1 Rd8 16. Qe2 Bd7 17. c3 Bc6 18. Nd2 Bg7 19. Nc4 Qd7 20. Ne5 Bxe5 21. dxe5 Qe8 22. h4 h5 23. g3 1/2-1/2

[Event "Doha FIDE GP (Women) 6th"]
[Site "Doha"]
[Date "2011.02.26"]
[Round "5"]
[White "Chiburdanidze, Maia"]
[Black "Zhu, Chen"]
[Result "1/2-1/2"]
[WhiteElo "2502"]
[BlackElo "2495"]
[PlyCount "35"]
[EventDate "2011.02.22"]
[EventType "tourn"]
[EventRounds "11"]
[EventCountry "QAT"]
[EventCategory "10"]
[SourceTitle "CBM 141"]
[Source "ChessBase"]
[SourceDate "2011.03.17"]
[SourceVersion "1"]
[SourceVersionDate "2011.03.17"]
[SourceQuality "1"]

1. d4 Nf6 2. Nf3 g6 3. c4 Bg7 4. Nc3 d5 5. Bg5 dxc4 6. e3 c5 7. Bxc4 cxd4 8. Nxd4 Qa5 9. Bh4 0-0 10. 0-0 Bd7 11. Qe2 Nc6 12. Nb3 Qe5 13. Rfd1 Rad8 14. Bg3 Qg5 15. Bf4 Qh4 16. Bg3 Qg5 17. Bf4 Qh4 18. Bg3 1/2-1/2

[Event "World-ch (Women) k.o."]
[Site "Antakya"]
[Date "2010.12.07"]
[Round "2.1"]
[White "Zhao, Xue"]
[Black "Chiburdanidze, Maia"]
[Result "1-0"]
[WhiteElo "2474"]
[BlackElo "2502"]
[PlyCount "79"]
[EventDate "2010.12.04"]
[EventType "k.o."]
[EventRounds "6"]
[EventCountry "TUR"]
[SourceTitle "CBM 140"]
[Source "ChessBase"]
[SourceDate "2011.01.18"]
[SourceVersion "1"]
[SourceVersionDate "2011.01.18"]
[SourceQuality "1"]

1. d4 Nf6 2. c4 e6 3. Nc3 Bb4 4. Qc2 0-0 5. e4 d5 6. e5 Ne4 7. Bd3 c5 8. Nf3 cxd4 9. Nxd4 Nd7 10. Bf4 Qh4 11. g3 Qh3 12. 0-0-0 Nxc3 13. bxc3 Ba3+ 14. Kb1 Nb6 15. Bf1 Qh5 16. Be2 Qh3 17. Nf3 dxc4 18. Nh4 Nd5 19. Rd4 Be7 20. Bg5 Bxg5 21. Bg4 Qxg4 22. Rxg4 Be7 23. Rxc4 b5 24. Rd4 Bb7 25. Rhd1 Rfc8 26. Rxd5 Bxd5 27. Nf5 Bf8 28. Ne3 Bf3 29. Rd4 Rc5 30. Qd2 Rxe5 31. Rd8 a5 32. Rxa8 Bxa8 33. Qd8 Be4+ 34. Kb2 a4 35. Qd4 a3+ 36. Kc1 f6 37. f4 Bc5 38. Qd8+ Kf7 39. Qd7+ Kg6 40. Qe8+ 1-0

[Event "Ulaanbaatar FIDE GP (Women)"]
[Site "Ulaanbaatar"]
[Date "2010.08.05"]
[Round "6"]
[White "Koneru, Humpy"]
[Black "Chiburdanidze, Maia"]
[Result "1-0"]
[WhiteElo "2600"]
[BlackElo "2514"]
[PlyCount "215"]
[EventDate "2010.07.30"]
[EventType "tourn"]
[EventRounds "11"]
[EventCountry "MGL"]
[EventCategory "11"]
[SourceTitle "CBM 138"]
[Source "ChessBase"]
[SourceDate "2010.09.17"]
[SourceVersion "1"]
[SourceVersionDate "2010.09.17"]
[SourceQuality "1"]

1. d4 Nf6 2. c4 e6 3. Nc3 Bb4 4. Qc2 0-0 5. e4 d5 6. e5 Ne4 7. Bd3 c5 8. Nge2 Nc6 9. cxd5 exd5 10. 0-0 cxd4 11. Nxd5 Qxd5 12. Bxe4 Qxe5 13. Bxh7+ Kh8 14. Bf4 Qf6 15. Be4 Re8 16. Rac1 Bd7 17. Qd3 Rxe4 18. Qxe4 Re8 19. Qd5 Bg4 20. f3 Bc8 21. Rf2 Rd8 22. Qh5+ Kg8 23. Bg5 Qe5 24. Ng3 f6 25. Bd2 Bf8 26. Re2 Qxh5 27. Nxh5 a5 28. Nf4 Kf7 29. h4 Bf5 30. g4 Bh7 31. Ne6 Rd5 32. Nxf8 Kxf8 33. Kg2 Kf7 34. f4 Bd3 35. Ree1 f5 36. g5 a4 37. b4 axb3 38. axb3 Be4+ 39. Kg3 Kg6 40. b4 d3 41. Rc5 Rxc5 42. bxc5 Nd4 43. Ra1 Nf3 44. Ra2 Bd5 45. Rb2 Nd4 46. Rb6+ Bc6 47. Kf2 Kh5 48. Ke3 Ne6 49. Kxd3 Nxc5+ 50. Kd4 Nd7 51. Rb1 Kxh4 52. Ra1 Kh5 53. Ra8 Kg6 54. Bb4 Kf7 55. Bd6 Be4 56. Be5 Nf8 57. Rb8 Ne6+ 58. Kc4 Bc6 59. Bd6 Kg6 60. Rh8 Kf7 61. Kd3 Be4+ 62. Ke3 Bc6 63. Kf2 Kg6 64. Kg3 Kf7 65. Rh2 Kg6 66. Ra2 Be4 67. Ra5 Kf7 68. Re5 Bd3 69. Kf3 Be4+ 70. Ke3 Bc2 71. Bb4 Be4 72. Ba3 Bc2 73. Kf3 Be4+ 74. Kg3 Bd3 75. g6+ Kf6 76. Bb2 Ke7 77. Rd5 Be4 78. Ra5 Bd3 79. Ra8 Bb5 80. Rb8 Bc6 81. Be5 Be4 82. Kh4 Bc6 83. Rg8 Bd5 84. Rh8 Bc6 85. Rh7 Kf8 86. Rh5 Be4 87. Bd6+ Ke8 88. Kg3 Kd7 89. Ba3 Ke8 90. Rh8+ Kd7 91. Rh2 Ke8 92. Rd2 Bb1 93. Rd6 Ba2 94. Kf3 Bc4 95. Ke3 Ba2 96. Rb6 Bd5 97. Rb5 Be4 98. Re5 Kd7 99. Bb2 Bc2 100. Ba3 Be4 101. Rxe4 fxe4 102. Bb2 Nc5 103. f5 Ke7 104. Bxg7 Nd7 105. Kxe4 Nc5+ 106. Kf4 b5 107. Bc3 Nd3+ 108. Ke3 1-0

[Event "Ulaanbaatar FIDE GP (Women)"]
[Site "Ulaanbaatar"]
[Date "2010.08.02"]
[Round "4"]
[White "Zhao, Xue"]
[Black "Chiburdanidze, Maia"]
[Result "1-0"]
[WhiteElo "2462"]
[BlackElo "2514"]
[PlyCount "105"]
[EventDate "2010.07.30"]
[EventType "tourn"]
[EventRounds "11"]
[EventCountry "MGL"]
[EventCategory "11"]
[SourceTitle "CBM 138"]
[Source "ChessBase"]
[SourceDate "2010.09.17"]
[SourceVersion "1"]
[SourceVersionDate "2010.09.17"]
[SourceQuality "1"]

1. Nf3 Nf6 2. c4 e6 3. b3 d5 4. Bb2 Nbd7 5. g3 b6 6. cxd5 exd5 7. Bg2 Bb7 8. 0-0 Bd6 9. d4 Qe7 10. Nc3 a6 11. Rc1 0-0 12. Nd2 Rad8 13. Nc4 Bb4 14. Qc2 Rfe8 15. Ne3 c6 16. Rfd1 g6 17. Bf3 Bd6 18. Rb1 h5 19. Ng2 Ne4 20. Bc1 Ndf6 21. Bf4 Bc8 22. Bxe4 dxe4 23. Bg5 Bf5 24. Ne3 Rb8 25. f3 Bb4 26. Bxf6 Qxf6 27. Nxe4 Bxe4 28. fxe4 Qe6 29. Ng2 Qxe4 30. Qxe4 Rxe4 31. e3 Rd8 32. Kf2 c5 33. Kf3 f5 34. a3 Bxa3 35. Ra1 Bb4 36. Rxa6 Rd6 37. Nf4 Kf7 38. Nd3 Rde6 39. Ne5+ Kf6 40. Ra7 h4 41. gxh4 cxd4 42. exd4 Rxh4 43. Rf7+ Kg5 44. Rg1+ Kh6 45. Rd7 Rxh2 46. Kg3 Rb2 47. Nf7+ Kg7 48. Ne5+ Kf8 49. Kf3 Rxb3+ 50. Ke2 Ke8 51. Rb7 Bd6 52. Rc1 Kd8 53. Rd7+ 1-0